00519 2200193 4500001002100000005001500021035002000036007000300056008004100059020000600100082001000106084001600116100001900132245006300151250000600214260004300220300003400263650002800297INLIS00000000000200920260205085905 a0010-0226000019ta260205 g 1 ind  a- a741.5 a741.5 GIB l0 aGibran Maulana1 aLegenda Candi Prambanan :bRoro Jongrang /cGibran Maulana a- aSurabaya :bCAHAYA AGENCY SURABAYA,c- a32 hlm :bilus. ;c19 x 28 cm aLegenda Candi Prambanan